000
00202 a2200097 4500
001
52536
100
_a
Stone Irving
245
_a
The Origin
260
_a
London
_b
Corgi Books
_c
090
_c
33023
_d
33023
942
_a
NUST-CAE
_c
M
_c
25585
999
_c
287609
_d
287609